00413 2200169 4500001002100000008004100021035002000062245003400082100001400116260002400130300002000154020002200174084001400196082000800210650001000218990001500228INLIS000000000003260 ind  a0010-1225000081 aKita Pergi Hari InicZiggy Z. aZ., Ziggy aJakarta :bGramedia a197c13,5x20 cm a978-623-134-269-0 a813 ZIG k a813 aFiksi a19735/B/26